000 00322nam a2200133Ia 4500
008 220216s9999 xx 000 0 und d
100 _aOuseph Thomas
245 0 _aDemand for natural rubber to stay firm
260 _bRubber Asia
_c1994
300 _a73-76
650 _aDemand
650 _aNatural rubber
942 _cJS
999 _c56792
_d56792